Pays qui produisent le plus de vins - Statistiques

Statistiques générales
  • Ce quiz a été pris 799 fois
  • Le résultat moyen est 14 sur 20
Statistiques - réponses
Production
(en tonnes de vin)
Pays % Correct
4 390 000 France
100%
5 191 550 Italie
99%
4 070 000 Espagne
98%
1 886 634 Etats Unis
96%
2 000 000 Chine
92%
626 700 Portugal
88%
472 612 Allemagne
86%
1 079 615 Argentine
82%
326 646 Brésil
79%
441 000 Russie
79%
1 107 000 Australie
78%
290 000 Grèce
73%
1 033 723 Chili
71%
1 040 000 Afrique du Sud
58%
239 800 Autriche
57%
329 000 Nouvelle Zélande
57%
307 321 Hongrie
52%
380 800 Roumanie
48%
94 010 Géorgie
21%
178 700 Moldavie
15%
Aucun quiz correspondant
Distribution des résultats
% des personnes avec chaque résultat
Percentile par nombre de réponses
Votre historique - résultats
Vous n’avez pas pris ce quiz